ՀՀ Գիտությունների ազգային ակադեմիայի հիմնարար գիտական գրադարան  =   Fundamental Scientific Library of NAS RA

Птицы (Record no. 465981)

MARC details
000 -LEADER
fixed length control field 00799nam-a2200229-a-4500
001 - CONTROL NUMBER
control field 000160296
003 - CONTROL NUMBER IDENTIFIER
control field AM-YeHGA
005 - DATE AND TIME OF LATEST TRANSACTION
control field 20250617161125.0
008 - FIXED-LENGTH DATA ELEMENTS--GENERAL INFORMATION
fixed length control field 990320s1965 xxu 000 0 rus u
020 ## - INTERNATIONAL STANDARD BOOK NUMBER
Terms of availability 01.77
040 ## - CATALOGING SOURCE
Original cataloging agency AM-YeHGA
041 ## - LANGUAGE CODE
Language code of text/sound track or separate title rus
090 ## - LOCALLY ASSIGNED LC-TYPE CALL NUMBER (OCLC); LOCAL CALL NUMBER (RLIN)
-- 469189
245 00 - TITLE STATEMENT
Title Птицы
Number of part/section of a work Т. 2, Вып. 1, Ч. 1, Филогения и классификация ржанкообразных /
Statement of responsibility, etc. К.А. Юдин ; Ред. тома Е.В. Козлова.
260 ## - PUBLICATION, DISTRIBUTION, ETC.
Place of publication, distribution, etc. Л.,
-- Москва :
Name of publisher, distributor, etc. Наука ,
Date of publication, distribution, etc. 1965.
300 ## - PHYSICAL DESCRIPTION
Extent 262 с.
440 #0 - SERIES STATEMENT/ADDED ENTRY--TITLE
Title Фауна СССР
440 #0 - SERIES STATEMENT/ADDED ENTRY--TITLE
Title Новая серия Зоологического института АН СССР
Volume/sequential designation N 91
650 14 - SUBJECT ADDED ENTRY--TOPICAL TERM
Topical term or geographic name entry element Животные ССС
650 14 - SUBJECT ADDED ENTRY--TOPICAL TERM
Topical term or geographic name entry element Птицы
700 1# - ADDED ENTRY--PERSONAL NAME
Personal name Козлова, Е.В.
Relationship edt
Holdings
Withdrawn status Lost status Source of classification or shelving scheme Damaged status Not for loan Collection Home library Current library Date acquired Serial enumeration / chronology Total checkouts Full call number Barcode Date last seen Price effective from Koha item type Public note
    Universal Decimal Classification     General Fundamental Scientific Library Fundamental Scientific Library 21/02/2018 Т. 2, вып. 1   PIII/19063 FL0481967 21/02/2018 21/02/2018 Գրքեր / Books 30 Days Loan


ՀՀ ԳԱԱ հիմնարար գիտական գրադարան
ՀՀ,Երևան 0019
Մարշալ Բաղրամյան 24/6
հեռախոս:(374-10) 52-47-50
Հետադարձ կապ

All site content, except where otherwise noted, is licensed under a
Creative Commons License